<The> Interaction Between EU Biofuel Policy and First- and Second-Generation Biodiesel Producti

Vytvorenie vysledovateľného modelu čiastočnej rovnováhy k štúdiu interakcií medzi EÚ legislatívou o biopalivách a prvou a druhou generáciou bionaftovej produkcie. Zistenie, že zvýšenie bionaftového mandátu vedie vo vyššom podiele prvej generácie bionafty celkového naftového paliva, ale vedie k nižši...

Descrizione completa

Salvato in:
Dettagli Bibliografici
Autore principale: Boutesteijn, Coen
Altri autori: Drábik, Dušan, Venus, Thomas J.
Natura: Capitolo di libro
Lingua:inglese
Soggetti:
Tags: Aggiungi Tag
Nessun Tag, puoi essere il primo ad aggiungerne!!

MARC

LEADER 00000nla a2200000 4500
001 0242344
005 20221007085908.4
041 0 |a eng 
044 |a NL 
245 1 0 |a <The> Interaction Between EU Biofuel Policy and First- and Second-Generation Biodiesel Producti  |c Coen Boutesteijn, Dušan Drábik, Thomas J. Venus 
520 |a Vytvorenie vysledovateľného modelu čiastočnej rovnováhy k štúdiu interakcií medzi EÚ legislatívou o biopalivách a prvou a druhou generáciou bionaftovej produkcie. Zistenie, že zvýšenie bionaftového mandátu vedie vo vyššom podiele prvej generácie bionafty celkového naftového paliva, ale vedie k nižšiemu podielu druhej generácie bionafty. 
610 2 0 |a nafta 
610 2 0 |a biopalivá 
610 2 0 |a produkcia 
610 2 0 |a legislatíva 
610 2 0 |a Európska únia 
100 1 |a Boutesteijn, Coen 
700 1 |a Drábik, Dušan 
700 1 |a Venus, Thomas J.